| 000 | 00528nam a2200205Ia 4500 | ||
|---|---|---|---|
| 005 | 20231003120648.0 | ||
| 008 | 131103s9999 xx 000 0 und d | ||
| 020 | _cRs.50.00 | ||
| 040 | _aLoreto College | ||
| 041 | _aEnglish | ||
| 082 |
_a294.592 _bSAR |
||
| 100 | _aSarkar, Subhas | ||
| 245 |
_aEight New Upanisads _cSubhas Sarkar ;Foreword by Gaurinath Sasti |
||
| 260 |
_aCalcutta _bRupa _c1992 |
||
| 300 | _axiv,96p. | ||
| 650 | _aUpinisads | ||
| 700 | _aSasti, Gaurinath ;fore | ||
| 850 | _aLCLIB | ||
| 942 | _cBK | ||
| 999 |
_c23122 _d73601 |
||